Les 20 joueurs les mieux valorisés de Liga Portugal en 2026 - Statistiques

Statistiques générales
  • Ce quiz a été pris 80 fois
    13 depuis la dernière actualisation
  • Le résultat moyen est 11 sur 21
Statistiques - réponses
Rang Valeur Club Nationalité Joueur % Correct
- 45 M Sporting Portugal Côte d'Ivoire Ousmane Diomande
90%
5 40 M Sporting Portugal Portugal Gonçalo Inácio
70%
1 45 M Sporting Portugal Danemark Morten Hjulmand
70%
9 32 M SL Benfica Grèce Vangelis Pavlidis
70%
19 25 M SL Benfica Ukraine Anatoliy Trubin
60%
- 28 M SL Benfica Portugal António Silva
60%
- 40 M FC Porto Portugal Diogo Costa
60%
7 38 M FC Porto Portugal Rodrigo Mora
60%
- 28 M SL Benfica Ukraine Georgiy Sudakov
50%
4 42 M Sporting Portugal Portugal Geovany Quenda
50%
- 28 M Sporting Portugal Colombie Luis Suárez
50%
- 25 M Sporting Portugal Uruguay Maxi Araújo
50%
- 45 M FC Porto Espagne Samu Aghehowa
50%
13 28 M SL Benfica Portugal Tomás Araújo
50%
8 35 M Sporting Portugal Portugal Trincão
50%
11 30 M Sporting Portugal Belgique Zeno Debast
50%
18 27 M FC Porto Pologne Jakub Kiwior
40%
- 28 M Sporting Portugal Portugal Pedro Gonçalves
40%
- 32 M FC Porto Argentine Alan Varela
30%
- 25 M FC Porto Espagne Gabri Veiga
30%
- 30 M FC Porto Danemark Victor Froholdt
30%
Aucun quiz correspondant
Distribution des résultats
% des personnes avec chaque résultat
Percentile par nombre de réponses
Votre historique - résultats
Vous n’avez pas pris ce quiz depuis la dernière actualisation